000 00659nam a2200193 i 4500
001 46113
003 ES-MaACL
005 20230906161330.0
007 t|
008 030328s1935 sz ||||1| fre d
111 2 _aConférence Internationale de l'Instruction Publique (
_n4ª.
_d1935.
_cGenève)
_9171
245 1 0 _aProcés-verbaux et résolutions.
260 _aGenève :
_b[s.n.,
_c1935] (
_eLyon :
_fImp. Bosc Frères)
300 _a150 p. ;
_c24 cm.
490 1 _aPublications du Bureau International d'Education ;
_v45
830 0 _aPublications du Bureau International d'Education ;
_v45
_9181740
852 _aES-MaACL
_jA-4144
999 _c46113
_d46113